<?xml version="1.0" encoding="UTF-8"?>
<marc:record xmlns:marc="http://www.loc.gov/MARC21/slim">
   <marc:leader>00000nam a2200000 a 4500</marc:leader>
   <marc:datafield ind1="0" ind2="0" tag="245">
      <marc:subfield code="a">Schreibfächer</marc:subfield>
   </marc:datafield>
   <marc:datafield ind1="0" ind2="0" tag="245">
      <marc:subfield code="b">Erstes Schreiben mit den Schreibfächern</marc:subfield>
   </marc:datafield>
   <marc:datafield ind1=" " ind2="1" tag="264">
      <marc:subfield code="b">BEL Montessori</marc:subfield>
   </marc:datafield>
   <marc:datafield ind1="1" ind2=" " tag="520">
      <marc:subfield code="a">Erstschreiben mit Hilfe von Bild-und Buchstabenstreifen, die in Form eines Fächers in die richtige Reihenfolge gebracht werden.

21 lautgetreue einsilbige Wörtern, die jeweils einen Fächer bilden.


Montessori Sprachförderung</marc:subfield>
   </marc:datafield>
</marc:record>
